| 000 | 00489nam a2200181Ia 4500 | ||
|---|---|---|---|
| 005 | 20250603144445.0 | ||
| 008 | 250603s9999 xx 000 0 und d | ||
| 020 | _a9782757721 | ||
| 050 | _aPE 1112 .A38/ | ||
| 100 | _aEdited by Bolaji Aremo | ||
| 245 | 0 | _aAdvanced english compositions: letter, long essays, memoranda, minutes, speeches, etc. | |
| 260 | _aIbadan | ||
| 260 | _bScribo Publications Limited. | ||
| 260 | _c2001 | ||
| 300 | _a200 p | ||
| 650 | _aIbadan | ||
| 942 | _cBK | ||
| 999 |
_c38979 _d38979 |
||